Creep and relaxation of nonlinear viscoelastic materials, with an introduction to linear viscoelasticity /

Creep And Relaxation Of Nonlinear Viscoelastic Materials With An Introduction To Linear Viscoelasticity.

Bibliographic Details
Main Authors: Findley, William N. (William Nichols), Lai, James S. (Author), Onaran, Kasif (Author)
Corporate Author: ScienceDirect (Online service)
Format: eBook
Language:English
Published: Amsterdam ; New York : North-Holland Pub. Co. : Sole distributors for the U.S.A. and Canada, Elsevier/North Holland, 1976.
Series:North-Holland series in applied mathematics and mechanics ; v. 18.
Subjects:
Online Access:Connect to the full text of this electronic book

MARC

Tag First Indicator Second Indicator Subfields
LEADER 00000cam a2200000 a 4500
001 in00005752012
005 20260326194331.5
006 m o d
007 cr cnu---unuuu
008 130411s1976 ne a ob 001 0 eng d
040 |a OPELS  |b eng  |e pn  |c OPELS  |d OCLCE  |d IDEBK  |d N$T  |d E7B  |d OCLCF  |d COO  |d YDXCP  |d EBLCP  |d UKDOC  |d DEBSZ  |d OCLCQ  |d MERUC  |d OCLCQ  |d OCLCA  |d LEAUB  |d OCLCQ  |d LUN  |d S2H  |d OCLCQ  |d INARC  |d OCLCO  |d OCLCQ  |d COM  |d OCLCO  |d OCLCQ  |d OCLCO  |d OCLCL 
016 7 |a B7610493  |2 bccb 
019 |a 300832920  |a 643602910  |a 850149616  |a 1086425199  |a 1259493338  |a 1484194973 
020 |a 9780444601926  |q (electronic bk.) 
020 |a 0444601929  |q (electronic bk.) 
020 |a 0720423694 
020 |a 9780720423693 
020 |z 0444107754 
020 |z 9780444107756 
020 |z 0720423694 
020 |z 9780720423693 
020 |z 0720423684 
024 3 |a 9780720423693 
035 |a (OCoLC)838124023  |z (OCoLC)300832920  |z (OCoLC)643602910  |z (OCoLC)850149616  |z (OCoLC)1086425199  |z (OCoLC)1259493338  |z (OCoLC)1484194973 
042 |a dlr 
050 4 |a TA418.2 
072 7 |a SCI  |x 050000  |2 bisacsh 
082 0 4 |a 620.1/1233  |2 22 
084 |a 51.32  |2 bcl 
049 |a TXAM 
100 1 |a Findley, William N.  |q (William Nichols)  |1 https://id.oclc.org/worldcat/entity/E39PCjM7CvxHqhb3mvVytqD76q 
245 1 0 |a Creep and relaxation of nonlinear viscoelastic materials, with an introduction to linear viscoelasticity /  |c by William N. Findley, James S. Lai, and Kasif Onaran. 
260 |a Amsterdam ;  |a New York :  |b North-Holland Pub. Co. :  |b Sole distributors for the U.S.A. and Canada, Elsevier/North Holland,  |c 1976. 
300 |a 1 online resource (xiii, 367 pages) :  |b illustrations 
336 |a text  |b txt  |2 rdacontent 
337 |a computer  |b c  |2 rdamedia 
338 |a online resource  |b cr  |2 rdacarrier 
490 1 |a North-Holland series in applied mathematics and mechanics ;  |v v. 18 
504 |a Includes bibliographical references (pages 344-360). 
500 |a Includes indexes. 
588 0 |a Print version record. 
538 |a Master and use copy. Digital master created according to Benchmark for Faithful Digital Reproductions of Monographs and Serials, Version 1. Digital Library Federation, December 2002.  |u http://purl.oclc.org/DLF/benchrepro0212  |5 MiAaHDL 
583 1 |a digitized  |c 2010  |h HathiTrust Digital Library  |l committed to preserve  |2 pda  |5 MiAaHDL 
505 0 |a Front Cover; Creep and Relaxation of Nonlinear Viscoelastic Materials with an Introduction to Linear Viscoelasticity; Copyright Page; PREFACE; Table of Contents; CHAPTER 1. INTRODUCTION; 1.1 Elastic Behavior; 1.2 Plastic Behavior; 1.3 Viscoelastic Behavior; 1.4 Creep; 1.5 Recovery; 1.6 Relaxation; 1.7 Linearity; CHAPTER 2. HISTORICAL SURVEY OF CREEP; 2.1 Creep of Metals; 2.2 Creep under Uniaxial Stress; 2.3 Creep under Combined Stresses; 2.4 Creep under Variable Stress; 2.5 Creep of Plastics; 2.6 Mathematical Representation of Creep of Materials; 2.7 Differential Form; 2.8 Integral Form. 
505 8 |a 2.9 Development of Nonlinear Constitutive RelationsCHAPTER 3. STATE OF STRESS AND STRAIN; 3.1 State of Stress; 3.2 Stress Tensor; 3.3 Unit Tensor; 3.4 Principal Stresses; 3.5 Mean Normal Stress Tensor and Deviatoric Stress Tensor; 3.6 Invariants of Stress; 3.7 Traces of Tensors and Products of Tensors; 3.8 Invariants in Terms of Traces; 3.9 Hamilton-Cayley Equation; 3.10 State of Strain; 3.11 Strain-Displacement Relation; 3.12 Strain Tensor; CHAPTER 4. MECHANICS OF STRESS AND DEFORMATION ANALYSES; 4.1 Introduction; 4.2 Law of Motion; 4.3 Equations of Equilibrium; 4.4 Equilibrium of Moments. 
505 8 |a 4.5 Kinematics4.6 Compatibility Equations; 4.7 Constitutive Equations; 4.8 Linear Elastic Solid; 4.9 Boundary Conditions; 4.10 The Stress Analysis Problem in a Linear Isotropic Elastic Solid; CHAPTER 5. LINEAR VISCOELASTIC CONSTITUTIVE EQUATIONS; 5.1 Introduction; 5.2 Viscoelastic Models; 5.3 The Basic Elements: Spring and Dashpot; 5.4 Maxwell Model; 5.5 Kelvin Model; 5.6 Burgers or Four-element Model; 5.7 Generalized Maxwell and Kelvin Models; 5.8 Retardation Spectrum for tn; 5.9 Differential Form of Constitutive Equations for Simple Stress States. 
505 8 |a 5.10 Differential Form of Constitutive Equations for Multiaxial Stress States5.11 Integral Representation of Viscoelastic Constitutive Equations; 5.12 Creep Compliance; 5.13 Relaxation Modulus; 5.14 Boltzmann's Superposition Principle and Integral Representation; 5.15 Relation Between Creep Compliance and Relaxation Modulus; 5.16 Generalization of the Integral Representation to Three Dimensions; 5.17 Behavior of Linear Viscoelastic Material under Oscillating Loading; 5.18 Complex Modulus and Compliance; 5.19 Dissipation; 5.20 Complex Compliance and Complex Modulus of Some Viscoelastic Models. 
505 8 |a 5.21 Maxwell Model5.22 Kelvin Model; 5.23 Burgers Model; 5.24 Relation Between the Relaxation Modulus and the Complex Relaxation Modulus; 5.25 Relation Between Creep Compliance and Complex Compliance; 5.26 Complex Compliance for tn; 5.27 Temperature Effect and Time-Temperature Superposition Principle; CHAPTER 6. LINEAR VISCOELASTIC STRESS ANALYSIS; 6.1 Introduction; 6.2 Beam Problems; 6.3 Stress Analysis of Quasi-static Viscoelastic Problems Using the Elastic-Viscoelastic Correspondence Principle; 6.4 Thick-walled Viscoelastic Tube* 
520 |a Creep And Relaxation Of Nonlinear Viscoelastic Materials With An Introduction To Linear Viscoelasticity. 
650 0 |a Viscoelasticity. 
650 0 |a Materials  |x Creep. 
650 6 |a Viscoélasticité. 
650 6 |a Matériaux  |x Fluage. 
650 7 |a viscoelasticity.  |2 aat 
650 7 |a creep.  |2 aat 
650 7 |a SCIENCE  |x Nanoscience.  |2 bisacsh 
650 7 |a Science des matériaux.  |2 eclas 
650 7 |a Materials  |x Creep  |2 fast 
650 7 |a Viscoelasticity  |2 fast 
650 7 |a Viscoelasticity.  |2 nli 
650 7 |a Materials  |x Creep.  |2 nli 
650 7 |a Matériaux  |x Fluage.  |2 ram 
650 7 |a Viscoélasticité.  |2 ram 
655 7 |a Electronic books.  |2 local 
700 1 |a Lai, James S.,  |e author. 
700 1 |a Onaran, Kasif,  |e author. 
710 2 |a ScienceDirect (Online service) 
776 0 8 |i Print version:  |a Findley, William N. (William Nichols).  |t Creep and relaxation of nonlinear viscoelastic materials, with an introduction to linear viscoelasticity.  |d Amsterdam ; New York : North-Holland Pub. Co. : Sole distributors for the U.S.A. and Canada, Elsevier/North Holland, 1976  |z 0444107754  |w (DLC) 75023167  |w (OCoLC)1531976 
776 1 |c Original  |w (DLC) 75023167   |w (OCoLC)1531976 
830 0 |a North-Holland series in applied mathematics and mechanics ;  |v v. 18. 
856 4 0 |u http://proxy.library.tamu.edu/login?url=https://www.sciencedirect.com/science/bookseries/01675931/18  |z Connect to the full text of this electronic book  |t 0 
955 |a Elsevier ScienceDirect 2026-2027 
994 |a 92  |b TXA 
999 f f |i ff3678f6-b0b2-44d6-b656-29236a1f87f0  |s 0305774c-ac7d-490e-9e1d-ba4a2df367c2  |t 0 
952 f f |a Texas A&M University  |b College Station  |c Electronic Resources  |s www_evans  |d Available Online  |t 0  |e TA418.2   |h Library of Congress classification 
998 f f |a TA418.2   |t 0  |l Available Online